000 00353nam a2200145Ia 4500
005 20251222175940.0
008 251222s9999||||xx |||||||||||||| ||spa||
020 _a9789563923759
082 _a346.440.2/B47
100 _aBetto, Emilio
245 0 _aTeorĂ­a General de las Obligaciones
250 _a1a. ed.
264 _bARA Editores
942 _cLIB
999 _c41342
_d41342